|
|
|
|
| LEADER |
00000nam0a2200000 4500 |
| 001 |
50708 |
| 005 |
20231101211249.0 |
| 035 |
|
|
|a (RuTPU)RU\TPU\book\53089
|
| 090 |
|
|
|a 50708
|
| 100 |
|
|
|a 20030418d1975 m y0rusy50 ca
|
| 101 |
0 |
|
|a rus
|
| 102 |
|
|
|a RU
|
| 105 |
|
|
|a a j 000zy
|
| 200 |
1 |
|
|a Монтаж котельных установок малой и средней мощности
|e учебник
|f Ю. В. Днепров, Д. Н. Смирнов, М. С. Файнштейн
|
| 205 |
|
|
|a 2-е изд., перераб. и доп.
|
| 210 |
|
|
|a Москва
|c Высшая школа
|d 1975
|
| 215 |
|
|
|a 312 с.
|c ил.
|
| 225 |
1 |
|
|a Профтехобразование
|
| 225 |
1 |
|
|a Паротехника
|
| 606 |
1 |
|
|a Котельные установки
|x Монтаж
|2 stltpush
|3 (RuTPU)RU\TPU\subj\15994
|9 42189
|
| 610 |
1 |
|
|a котельные
|
| 610 |
1 |
|
|a котельные установки
|
| 610 |
1 |
|
|a монтаж
|
| 610 |
1 |
|
|a мощность
|
| 610 |
1 |
|
|a трубопроводы
|
| 610 |
1 |
|
|a металлоконструкции
|
| 610 |
1 |
|
|a монтажные работы
|
| 610 |
1 |
|
|a такелажные работы
|
| 610 |
1 |
|
|a поверхности нагрева
|
| 610 |
1 |
|
|a каркасы
|
| 610 |
1 |
|
|a топочные устройства
|
| 610 |
1 |
|
|a оборудование
|
| 610 |
1 |
|
|a водоподготовка
|
| 610 |
1 |
|
|a дымовые трубы
|
| 610 |
1 |
|
|a техника безопасности
|
| 610 |
1 |
|
|a учебники
|
| 675 |
|
|
|a 621.185(075.3)
|v 3
|
| 700 |
|
1 |
|a Днепров
|b Ю. В.
|g Юрий Владимирович
|
| 701 |
|
1 |
|a Смирнов
|b Д. Н.
|g Дмитрий Николаевич
|
| 701 |
|
1 |
|a Файнштейн
|b М. С.
|g Михаил Соломонович
|
| 801 |
|
1 |
|a RU
|b 63413507
|c 20030418
|g PSBO
|
| 801 |
|
2 |
|a RU
|b 63413507
|c 20190301
|g PSBO
|
| 942 |
|
|
|c BK
|